000 01406nam a2200337 a 4500
001 ebr10103742
003 CaPaEBR
006 m u
007 cr cn|||||||||
008 040621s2005 enka sb 000 0 eng
010 _z 2004054297
020 _z1403934797 (cloth)
040 _aCaPaEBR
_cCaPaEBR
035 _a(OCoLC)559940583
043 _ae-it---
050 1 4 _aHG186.I8
_bC562 2005eb
082 0 4 _a332/.0945
_222
100 1 _aCiocca, Pierluigi,
_d1941-
245 1 4 _aThe Italian financial system remodelled
_h[electronic resource] /
_cPierluigi Ciocca.
250 _aEnglish-language ed.
260 _aHoudmills, Basingstoke, Hampshire ;
_aNew York :
_bPalgrave Macmillan,
_c2005.
300 _axii, 247 p. :
_bill.
500 _aOriginally published in Italian : La nuova finanza in Italia: difficile metamorfosi (1980-2000), Torino, Bollati Boringhieri, 2000.
504 _aIncludes bibliographical references (p. 243-247).
533 _aElectronic reproduction.
_bPalo Alto, Calif. :
_cebrary,
_d2013.
_nAvailable via World Wide Web.
_nAccess may be limited to ebrary affiliated libraries.
650 0 _aFinance
_zItaly.
650 0 _aFinancial institutions
_zItaly.
655 7 _aElectronic books.
_2local
710 2 _aebrary, Inc.
856 4 0 _uhttp://site.ebrary.com/lib/rucke/Doc?id=10103742
_zAn electronic book accessible through the World Wide Web; click to view
999 _c206402
_d206402